000 00465nam a2200157Ia 4500
003 GCL
008 140319s9999 xx 000 0 ara d
040 _aGCL /
_cGCL
082 0 4 _a813.01
_bص ح
100 1 _aصبرى موسى
245 1 0 _aحادث النصف متر وقصص اخرى /
_cصبرى موسى
490 _aالكتاب الذهبى
_v0
650 0 4 _aالادب العربى
650 0 4 _aالقصص العربية القصيرة
942 _2ddc
_cBK
999 _c46977
_d46977